Turbopumps and Pumping Systems (Record no. 27382)

000 -LEADER
fixed length control field 03675nam a22006615i 4500
001 - CONTROL NUMBER
control field 978-3-540-68214-1
003 - CONTROL NUMBER IDENTIFIER
control field DE-He213
005 - DATE AND TIME OF LATEST TRANSACTION
control field 20240716153441.0
006 - FIXED-LENGTH DATA ELEMENTS--ADDITIONAL MATERIAL CHARACTERISTICS
fixed length control field a|||||o|||| 00| 0
007 - PHYSICAL DESCRIPTION FIXED FIELD--GENERAL INFORMATION
fixed length control field cr nn 008mamaa
008 - FIXED-LENGTH DATA ELEMENTS--GENERAL INFORMATION
fixed length control field 100301s2008 gw | s |||| 0|eng d
020 ## - INTERNATIONAL STANDARD BOOK NUMBER
International Standard Book Number 9783540682141
024 7# - OTHER STANDARD IDENTIFIER
Standard number or code 10.1007/978-3-540-68214-1
Source of number or code doi
040 ## - CATALOGING SOURCE
Transcribing agency imu-kc
050 #4 - LIBRARY OF CONGRESS CALL NUMBER
Classification number TA213-215
072 #7 - SUBJECT CATEGORY CODE
Subject category code TGB
Source bicssc
Subject category code TEC046000
Source bisacsh
Subject category code TGB
Source thema
082 04 - DEWEY DECIMAL CLASSIFICATION NUMBER
Classification number 621.8
Edition number 23
100 1# - MAIN ENTRY--PERSONAL NAME
Personal name Nourbakhsh, Ahmad.
Relator term author.
Relationship aut
-- http://id.loc.gov/vocabulary/relators/aut
245 10 - TITLE STATEMENT
Title Turbopumps and Pumping Systems
Medium [electronic resource] /
Statement of responsibility, etc. by Ahmad Nourbakhsh, André Jaumotte, Charles Hirsch, Hamideh B. Parizi.
250 ## - EDITION STATEMENT
Edition statement 1st ed. 2008.
264 #1 - PRODUCTION, PUBLICATION, DISTRIBUTION, MANUFACTURE, AND COPYRIGHT NOTICE
Place of production, publication, distribution, manufacture Berlin, Heidelberg :
Name of producer, publisher, distributor, manufacturer Springer Berlin Heidelberg :
-- Imprint: Springer,
Date of production, publication, distribution, manufacture, or copyright notice 2008.
300 ## - PHYSICAL DESCRIPTION
Extent XXVI, 184 p. 157 illus.
Other physical details online resource.
336 ## - CONTENT TYPE
Content type term text
Content type code txt
Source rdacontent
337 ## - MEDIA TYPE
Media type term computer
Media type code c
Source rdamedia
338 ## - CARRIER TYPE
Carrier type term online resource
Carrier type code cr
Source rdacarrier
347 ## - DIGITAL FILE CHARACTERISTICS
File type text file
Encoding format PDF
Source rda
505 0# - FORMATTED CONTENTS NOTE
Formatted contents note Turbopumps -- to Turbopumps -- Fundamental Concepts -- Similarity Laws -- Cavitation -- Axial and Radial Thrusts -- Pumping Systems -- Operational Properties of Characteristic Curves -- Pipeline Calculations -- Pump Performance in a Piping System -- Water Hammer -- Pump Stations.
520 ## - SUMMARY, ETC.
Summary, etc. This book covers most of the subjects that are requested by engineers, those who are directly involved in design and manufacturing the pumps to those who operate the pumps in industrial units. The authors have worked for many years teaching the subject, conducting research, and implementing pump and pump station designs in different academic institutions, industrial sectors, and consulting firms. Based on this extensive background, the material of the book is arranged to cover the most important topics, from basic theories to practical applications. This book can also serve as a useful textbook for students who are taking the courses in the area of turbopumps and hydraulic machineries. The book is divided into two major Parts. In Part I, Turbopumps, the basic information about pumps classification, definitions, principal of operation, and construction elements are presented. In Part II, Pumping Systems, the important parameters in pump operation, selection, pumping systems, and pump stations are discussed in details.
650 #0 - SUBJECT ADDED ENTRY--TOPICAL TERM
Topical term or geographic name entry element Machinery.
Topical term or geographic name entry element Chemistry, Technical.
Topical term or geographic name entry element Fluid mechanics.
Topical term or geographic name entry element Thermodynamics.
Topical term or geographic name entry element Heat engineering.
Topical term or geographic name entry element Heat transfer.
Topical term or geographic name entry element Mass transfer.
Topical term or geographic name entry element Engineering design.
Topical term or geographic name entry element Manufactures.
Topical term or geographic name entry element Machinery and Machine Elements.
Topical term or geographic name entry element Industrial Chemistry.
Topical term or geographic name entry element Engineering Fluid Dynamics.
Topical term or geographic name entry element Engineering Thermodynamics, Heat and Mass Transfer.
Topical term or geographic name entry element Engineering Design.
Topical term or geographic name entry element Machines, Tools, Processes.
700 1# - ADDED ENTRY--PERSONAL NAME
Personal name Jaumotte, André.
Relator term author.
Relationship aut
-- http://id.loc.gov/vocabulary/relators/aut
Personal name Hirsch, Charles.
Relator term author.
Relationship aut
-- http://id.loc.gov/vocabulary/relators/aut
Personal name Parizi, Hamideh B.
Relator term author.
Relationship aut
-- http://id.loc.gov/vocabulary/relators/aut
710 2# - ADDED ENTRY--CORPORATE NAME
Corporate name or jurisdiction name as entry element SpringerLink (Online service)
773 0# - HOST ITEM ENTRY
Title Springer Nature eBook
776 08 - ADDITIONAL PHYSICAL FORM ENTRY
Relationship information Printed edition:
International Standard Book Number 9783642064210
Relationship information Printed edition:
International Standard Book Number 9783540808442
Relationship information Printed edition:
International Standard Book Number 9783540251293
856 40 - ELECTRONIC LOCATION AND ACCESS
Uniform Resource Identifier <a href="https://doi.org/10.1007/978-3-540-68214-1">https://doi.org/10.1007/978-3-540-68214-1</a>
942 ## - ADDED ENTRY ELEMENTS (KOHA)
Source of classification or shelving scheme
Koha item type E-Book

No items available.

Designed and Maintained by IMU-KC Library, Kolkata Campus © Copyright All Rights Reserved

webs counters

Powered by Koha